|
|
|
|
| LEADER |
00000n a2a2200000 4500 |
| 001 |
106020 |
| 005 |
20240115153628.0 |
| 035 |
|
|
|a (RuTPU)RU\TPU\book\114413
|
| 090 |
|
|
|a 106020
|
| 100 |
|
|
|a 20061130d2003 k y0rusy50 ca
|
| 101 |
0 |
|
|a rus
|
| 102 |
|
|
|a RU
|
| 200 |
1 |
|
|a Анализ защит от замыканий на землю при перемежающихся дуговых замыканиях в электроустановках среднего напряжения с различными способами заземления нейтрали
|f В. В. Шестакова, С. М. Юдин, Т. С. Гурин
|
| 320 |
|
|
|a Библиогр.: 1 назв.
|
| 463 |
|
0 |
|0 (RuTPU)RU\TPU\book\62183
|t Электроэнергетика, электротехнические системы и комплексы
|o Материалы международной научно-технической конференции, Томск, 3-5 сентября 2003 г.
|f Томский политехнический университет; Сибирское отделение РАН
|v С. 302-304
|d 2003
|p 323 с.
|
| 610 |
1 |
|
|a защиты
|
| 610 |
1 |
|
|a замыкания
|
| 610 |
1 |
|
|a дуговые замыкания
|
| 610 |
1 |
|
|a электроустановки
|
| 610 |
1 |
|
|a заземление нейтрали
|
| 610 |
1 |
|
|a сети среднего напряжения
|
| 610 |
1 |
|
|a электроэнергетика
|
| 610 |
1 |
|
|a изолированная нейтраль
|
| 610 |
1 |
|
|a труды учёных ТПУ
|
| 700 |
|
1 |
|a Шестакова
|b В. В.
|c специалист в области электротехники
|c доцент Томского политехнического университета, кандидат технических наук
|f 1968-
|g Вера Васильевна
|3 (RuTPU)RU\TPU\pers\26814
|9 12439
|
| 701 |
|
1 |
|a Юдин
|b С. М.
|c специалист в области электротехники
|c доцент Томского политехнического университета, кандидат технических наук
|f 1949-
|g Святослав Михайлович
|3 (RuTPU)RU\TPU\pers\29520
|9 14059
|
| 701 |
|
1 |
|a Гурин
|b Т. С.
|c специалист в области электротехники
|c старший преподаватель Томского политехнического университета
|f 1980-
|g Тимофей Сергеевич
|3 (RuTPU)RU\TPU\pers\35998
|
| 801 |
|
1 |
|a RU
|b 63413507
|c 20061130
|g PSBO
|
| 801 |
|
2 |
|a RU
|b 63413507
|c 20160112
|g RCR
|
| 942 |
|
|
|c BK
|